Organized interests and self-regulation: an economic approach (Record no. 391975)

000 -LEADER
fixed length control field 00561cam a22001817a 4500
008 - FIXED-LENGTH DATA ELEMENTS--GENERAL INFORMATION
fixed length control field 180718b1999 xxu||||| |||| 00| 0 eng d
020 ## - INTERNATIONAL STANDARD BOOK NUMBER
International Standard Book Number 0198296525
082 ## - DEWEY DECIMAL CLASSIFICATION NUMBER
Classification number T101 B648
245 ## - TITLE STATEMENT
Title Organized interests and self-regulation: an economic approach
Statement of responsibility, etc. edited by Bernardo Bortolotti and Gianluca Fiorentini
260 ## - PUBLICATION, DISTRIBUTION, ETC.
Place of publication, distribution, etc. Oxford
Name of publisher, distributor, etc. Oxford Univ. Press
Date of publication, distribution, etc. 1999
300 ## - PHYSICAL DESCRIPTION
Extent 268p.
650 ## - SUBJECT ADDED ENTRY--TOPICAL TERM
Topical term or geographic name entry element Trade regulation
650 ## - SUBJECT ADDED ENTRY--TOPICAL TERM
Topical term or geographic name entry element Law enforcement
650 ## - SUBJECT ADDED ENTRY--TOPICAL TERM
Topical term or geographic name entry element Economics
650 ## - SUBJECT ADDED ENTRY--TOPICAL TERM
Topical term or geographic name entry element Social choice
700 ## - ADDED ENTRY--PERSONAL NAME
Personal name Fiorentini, Gianluca
700 ## - ADDED ENTRY--PERSONAL NAME
Personal name Bortolotti, Bernardo
Holdings
Withdrawn status Lost status Damaged status Not for loan Permanent Location Current Location Date acquired Full call number Barcode Date last seen Price effective from Koha item type
        Indian Institute of Public Administration Indian Institute of Public Administration 2000-03-25 T101 B648 75084 2018-07-21 2018-07-21 Book

Powered by Koha